|
|
|
|
| LEADER |
00822cam a2200217 a 4500 |
| 001 |
c000268031 |
| 003 |
CARM |
| 005 |
20070822111453.0 |
| 008 |
990928s1933 enk 000 0 eng d |
| 019 |
1 |
|
|a 20826743
|5 LACONCORD2021
|
| 035 |
|
|
|a (OCoLC)38511504
|5 LACONCORD2021
|
| 040 |
|
|
|a NNPL
|b eng
|c NNPL
|
| 100 |
1 |
|
|a Baker, John Randal
|d 1900-1984.
|
| 245 |
1 |
0 |
|a Biology in everyday life /
|c by John R. Baker and J. B. S. Haldane.
|
| 260 |
|
|
|a London :
|b Allen & Unwin,
|c 1933.
|
| 300 |
|
|
|a 123 p.
|
| 650 |
|
0 |
|a Biology.
|
| 700 |
1 |
|
|a Haldane, J. B. S.
|q (John Burdon Sanderson),
|d 1892-1964.
|
| 852 |
8 |
|
|b CARM
|h A1:AN17B0
|i B08625
|p 0389163
|f BK
|
| 999 |
f |
f |
|i d285f168-57d9-5d12-85e9-adad24461eaa
|s fe1dc3a6-c519-53cd-80c9-eba4ec585634
|
| 952 |
f |
f |
|p Can circulate
|a CAVAL
|b CAVAL
|c CAVAL
|d CARM 1 Store
|e B08625
|f A1:AN17B0
|h Other scheme
|i book
|m 0389163
|